000 00538nam a22001577a 4500
008 240306b |||||||| |||| 00| 0 eng d
020 _a0719035252.
050 _aHN398.E5 R44 1993
100 _aWilson , Adrian
_952505
245 _aRethinking social history,
_benglish society 1570-1920 and its interpretation.
_cAdrian Wilson
260 _aNew York:
_bManchester University Press,
_c1993.
300 _aix;
_b342p,
_c23cm.
650 _aEngland,
_vsocial conditions
_952506
650 _asocial history
_939437
942 _2lcc
_cMONOGRAPH
999 _c131821
_d131821